MARC

Tag First Indicator Second Indicator Subfields
LEADER 00000cam a2200000Ia 4500
001 in00002467376
005 20151110113701.0
008 870401s1795 fr 000 0afre d
029 0 |a AU@  |b 000007226813 
035 |a (OCoLC)ocn220697090 
035 |a (OCoLC)220697090 
040 |a AU@  |b eng  |c AU@  |d OCLCQ  |d TEF  |d TXA  |d UtOrBLW 
043 |a e-fr--- 
049 |a TXAM 
050 4 |a DC146.R7  |b A3 1795 
082 0 4 |a 1558-9 
100 1 |a Roland,  |c Madame,  |d 1754-1793. 
245 1 0 |a Appel à l'impartiale postérité /  |c par la Citoyenne Roland, femme du ministre de l'Intérieur ; ou, Recueil des écrits qu'elle a rédigés, pendant sa détention, aux prisons de l'Abbaye et de Sainte-Pélagie; imprimé au profit de sa fille unique, privée de la fortune de ses père et mère, dont les biens sont toujours séquestrés. 
246 3 0 |a Recueil des écrits 
264 1 |a A Paris :  |b Chez Louvet ... ;  |a À Londres :  |b Chez J. Johnson :  |b J. De Boffe :  |b J. Remnant,  |c 1795. 
300 |a 2 volumes ;  |c 21 cm. 
336 |a text  |b txt  |2 rdacontent 
337 |a unmediated  |b n  |2 rdamedia 
338 |a volume  |b nc  |2 rdacarrier 
500 |a In four parts, each with special title-page and separate paging. 
500 |a "Averissement de l'éditeur" signed Bosc. 
600 1 0 |a Roland,  |c Madame,  |d 1754-1793. 
651 0 |a France  |x History  |y Revolution, 1789-1799  |v Personal narratives. 
650 0 |a Revolutionaries  |z France  |v Biography. 
650 0 |a Girondists  |v Biography. 
700 1 |a Bosc, L. A. G.  |q (Louis Augustin Guillaume),  |d 1759-1828. 
948 |a cataloged  |b h  |c 2009/12/21  |d c  |e hgolay  |f 4:51:47 pm 
994 |a C0  |b TXA 
999 |a MARS 
999 f f |s 3b05f6c8-5cd4-3431-b6bf-299f4b47e2d6  |i d83b35d7-bda5-36c8-a726-fab75fc1ed6f  |t 0 
952 f f |p noncirc  |a Texas A&M University  |b College Station  |c Cushing Memorial Library & Archives  |d Cushing: Dawson French (Does not check out)  |t 0  |e DC146.R7 A3 1795  |h Library of Congress classification  |i unmediated -- volume  |k pt.3/pt.4 
952 f f |p noncirc  |a Texas A&M University  |b College Station  |c Cushing Memorial Library & Archives  |d Cushing: Dawson French (Does not check out)  |t 0  |e DC146.R7 A3 1795  |h Library of Congress classification  |i unmediated -- volume  |k pt.1/pt.2 
998 f f |a DC146.R7 A3 1795  |s pt.1/pt.2-pt.3/pt.4  |t 0  |l Cushing: Dawson French (Does not check out)